| 000 | 00514 a2200169 4500 | ||
|---|---|---|---|
| 999 |
_c7445 _d7445 |
||
| 020 | _a9781606088890 | ||
| 050 | _aHV6250.4 GNA 1996 | ||
| 100 |
_aGnanadason, Aruna _eeditor |
||
| 245 | _aWomen violence and nonviolent change/ | ||
| 264 |
_aOregon: _bWorld Council of Churches Press; _c1996 |
||
| 300 | _axiii, 146p.; | ||
| 500 | _aIncludes contributors | ||
| 650 | _aWomen as peacemakers | ||
| 700 |
_aKanyoro, Musimbi R. A. _eeditor |
||
| 700 |
_aMcSpadden, Lucia Ann _eeditor |
||
| 942 |
_2lcc _cBK _h6250.4 _iGNA _kHV |
||